[Event "CHN-chT"]
[Site "Qingdao"]
[Date "2024.04.04"]
[Round "3.2"]
[White "Li, Di"]
[Black "Wen, Yang"]
[Result "1/2-1/2"]
[WhiteElo "2568"]
[BlackElo "2575"]
[PlyCount "60"]
[EventDate "2024.04.02"]
[EventType "team-swiss"]
[EventRounds "9"]
[EventCountry "CHN"]
[SourceTitle "CB16_2024"]
[SourceDate "2024.04.17"]
[SourceVersion "1"]
[SourceVersionDate "2024.04.17"]
[SourceQuality "1"]
[WhiteTeam "Chengdu"]
[BlackTeam "Shandong"]
[WhiteTeamCountry "CHN"]
[BlackTeamCountry "CHN"]

1. d4 Nf6 2. c4 e6 3. Nf3 d5 4. Nc3 Be7 5. Bg5 h6 6. Bxf6 Bxf6 7. e3 0-0 8. Rc1 dxc4 9. Bxc4 Nd7 10. 0-0 c5 11. Ne4 cxd4 12. Nxf6+ Nxf6 13. Qxd4 b6 14. Rfd1 Bb7 15. Be2 Rc8 16. Qxd8 Rfxd8 17. Rxd8+ Rxd8 18. Kf1 Kf8 19. h4 Bxf3 20. Bxf3 Rd2 21. Rc8+ Ke7 22. Rc7+ Kf8 23. Rc8+ Ke7 24. Rc7+ Kf8 25. Rxa7 Rxb2 26. Ra8+ Ke7 27. Ra7+ Kf8 28. Ra8+ Ke7 29. Ra7+ Kf8 30. Ra8+ Ke7 1/2-1/2

[Event "Titled Tuesday intern op 02nd Apr Late"]
[Site "Chess.com INT"]
[Date "2024.04.02"]
[Round "1"]
[White "Santos Flores, Alberto Javier"]
[Black "Li, Di"]
[Result "1-0"]
[WhiteElo "2183"]
[BlackElo "2568"]
[PlyCount "75"]
[EventDate "2024.04.02"]
[EventType "swiss (blitz)"]
[EventRounds "11"]
[EventCountry "USA"]
[SourceTitle "CB15_2024"]
[SourceDate "2024.04.10"]
[SourceVersion "1"]
[SourceVersionDate "2024.04.10"]
[SourceQuality "1"]

1. e4 c6 2. c4 d5 3. exd5 cxd5 4. cxd5 Nf6 5. Qa4+ Nbd7 6. Bc4 g6 7. Nc3 Bg7 8. Nf3 0-0 9. d3 a6 10. Qa3 Rb8 11. Bf4 b5 12. Bxb8 bxc4 13. Bf4 cxd3 14. 0-0 Nb6 15. Rad1 Bf5 16. Qxa6 Nbxd5 17. Be5 Nxc3 18. Bxc3 Qd5 19. a4 Be4 20. Qb5 Qa8 21. Rfe1 Rd8 22. Ng5 Rd5 23. Nxe4 Rxb5 24. Nxf6+ Bxf6 25. axb5 Qd5 26. Bxf6 exf6 27. Rd2 Qxb5 28. g3 g5 29. Re3 h5 30. Rexd3 Qc6 31. b4 Kg7 32. Rd5 Kg6 33. b5 Qb7 34. h4 g4 35. R2d4 f5 36. b6 f6 37. Rd6 Qf3 38. Rd7 1-0

[Event "Prague op"]
[Site "Prague"]
[Date "2024.03.02"]
[Round "4"]
[White "Li, Di"]
[Black "Harikrishnan, A Ra"]
[Result "1/2-1/2"]
[WhiteElo "2563"]
[BlackElo "2443"]
[PlyCount "174"]
[EventDate "2024.02.28"]
[EventType "swiss"]
[EventRounds "9"]
[EventCountry "CZE"]
[SourceTitle "CB11_2024"]
[SourceDate "2024.03.13"]
[SourceVersion "1"]
[SourceVersionDate "2024.03.13"]
[SourceQuality "1"]

1. c4 c6 2. Nf3 Nf6 3. e3 d5 4. Qc2 g6 5. b3 Bg7 6. Bb2 0-0 7. Be2 dxc4 8. bxc4 c5 9. Ne5 Nbd7 10. 0-0 Ne8 11. Nd3 b6 12. Bxg7 Nxg7 13. Nc3 Bb7 14. a4 Nf5 15. a5 e6 16. f3 Bc6 17. Ne4 Qe7 18. Ndf2 Nd6 19. Nxd6 Qxd6 20. Ra3 f5 21. Rfa1 Rad8 22. Qb2 Rb8 23. Qc3 Rfd8 24. R1a2 Qe7 25. axb6 axb6 26. Ra7 Ra8 27. Qa1 Qf8 28. d4 Rxa7 29. Rxa7 Ra8 30. d5 Qb8 31. Ra2 Rxa2 32. Qxa2 Qa8 33. Qxa8+ Bxa8 34. dxe6 Nf6 35. Nd1 Kf8 36. Nc3 Bc6 37. Bd1 Ke7 38. Ba4 Bb7 39. Bb5 Bc8 40. Nd5+ Kxe6 41. Nxb6 Bb7 42. Na4 Kd6 43. Nb2 Ng8 44. Nd3 Nh6 45. Kf2 Nf7 46. h3 Ne5 47. Nb2 g5 48. f4 gxf4 49. exf4 Ng6 50. g3 Be4 51. Nd1 Nf8 52. Ne3 Ne6 53. Ba4 Ke7 54. Bd1 Kf6 55. Ke1 Nd4 56. Kd2 Bf3 57. Bxf3 Nxf3+ 58. Kd3 Nd4 59. g4 Ne6 60. Nd5+ Kg6 61. Ke3 fxg4 62. hxg4 Nd4 63. Ke4 h5 64. gxh5+ Kxh5 65. Ne3 Kg6 66. Kd5 Kf7 67. Ng4 Ne6 68. Ne5+ Kf6 69. Ke4 Ke7 70. Nd3 Kf6 71. Nf2 Nd4 72. Ng4+ Ke6 73. Ne3 Kf6 74. Kd5 Kf7 75. Ke5 Nf3+ 76. Kd6 Nd4 77. Kd5 Nb3 78. Ng4 Kg6 79. Ne5+ Kf5 80. Nd3 Nd2 81. Kxc5 Ke4 82. Kb4 Kxd3 83. c5 Kd4 84. c6 Ne4 85. f5 Ke5 86. c7 Nd6 87. Kc5 Nc8 1/2-1/2

[Event "Cannes op 37th"]
[Site "Cannes"]
[Date "2024.02.20"]
[Round "2"]
[White "Li, Di"]
[Black "Hercegovac, Neven"]
[Result "1-0"]
[WhiteElo "2563"]
[BlackElo "2301"]
[PlyCount "111"]
[EventDate "2024.02.19"]
[EventType "swiss"]
[EventRounds "9"]
[EventCountry "FRA"]
[SourceTitle "CB09_2024"]
[SourceDate "2024.02.28"]
[SourceVersion "1"]
[SourceVersionDate "2024.02.28"]
[SourceQuality "1"]

1. Nf3 c5 2. c4 g6 3. e4 Nc6 4. d4 cxd4 5. Nxd4 Nf6 6. Nc3 d6 7. Be2 Nxd4 8. Qxd4 Bg7 9. Bg5 0-0 10. Qe3 Be6 11. 0-0 Qa5 12. Rac1 Rfc8 13. b3 a6 14. Bf3 Rab8 15. Nd5 Bxd5 16. exd5 Re8 17. Rc2 Nd7 18. Bg4 Ne5 19. Be2 Nd7 20. Rb1 Qb4 21. Qd2 Qxd2 22. Bxd2 Bd4 23. Kf1 Rec8 24. Rbc1 Rc7 25. g4 b6 26. h4 a5 27. Rd1 Bg7 28. g5 Ra8 29. Be3 b5 30. c5 Nxc5 31. Bxb5 Rb8 32. a4 Na6 33. Rcc1 Rxc1 34. Rxc1 Nb4 35. Bd2 Bd4 36. Bxb4 axb4 37. Rc7 Kf8 38. Bc6 Bb6 39. Rd7 Bd8 40. Ke2 Bb6 41. f4 Rc8 42. Rb7 Bc5 43. Kd3 e6 44. Bd7 Rd8 45. dxe6 fxe6 46. Bxe6 Re8 47. Rf7+ Kg8 48. Re7+ Kf8 49. Rxe8+ Kxe8 50. a5 Bf2 51. a6 Kd8 52. Ke2 Bc5 53. Bg8 Ke7 54. Bxh7 Kf7 55. f5 gxf5 56. Bxf5 1-0

[Event "Cannes op 37th"]
[Site "Cannes"]
[Date "2024.02.20"]
[Round "3"]
[White "Xiang, Zeyu"]
[Black "Li, Di"]
[Result "1/2-1/2"]
[WhiteElo "2407"]
[BlackElo "2563"]
[PlyCount "92"]
[EventDate "2024.02.19"]
[EventType "swiss"]
[EventRounds "9"]
[EventCountry "FRA"]
[SourceTitle "CB09_2024"]
[SourceDate "2024.02.28"]
[SourceVersion "1"]
[SourceVersionDate "2024.02.28"]
[SourceQuality "1"]

1. d4 Nf6 2. c4 e6 3. Nf3 d5 4. Nc3 Bb4 5. Bg5 h6 6. Bxf6 Qxf6 7. e3 0-0 8. Rc1 dxc4 9. Bxc4 c5 10. 0-0 cxd4 11. Ne4 Qe7 12. Nxd4 Bd7 13. Be2 Nc6 14. a3 Nxd4 15. Qxd4 Ba5 16. Qc5 Bd8 17. Qxe7 Bxe7 18. Rc7 Rfd8 19. Rxb7 Rab8 20. Rxa7 Rxb2 21. Bf3 Kf8 22. Rd1 Bc6 23. Rxd8+ Bxd8 24. g3 Bb6 25. Ra6 Bd5 26. h4 g6 27. Nd2 Rxd2 28. Bxd5 Bxe3 29. fxe3 exd5 30. Kf1 d4 31. exd4 Rxd4 32. Ke2 Rg4 33. Kf3 h5 34. Ra7 Rc4 35. a4 Kg7 36. Ra6 Rb4 37. a5 Ra4 38. Ke3 f6 39. Ra7+ Kh6 40. a6 g5 41. hxg5+ fxg5 42. Ra8 h4 43. gxh4 gxh4 44. Kf3 h3 45. Kg3 Ra3+ 46. Kh2 Kg7 1/2-1/2

[Event "Chengdu Chess King"]
[Site "Chengdu"]
[Date "2024.01.06"]
[Round "1.5"]
[White "Li, Di"]
[Black "Xue, Haowen"]
[Result "0-1"]
[WhiteElo "2563"]
[BlackElo "2452"]
[PlyCount "168"]
[EventDate "2024.01.06"]
[EventType "k.o. (rapid)"]
[EventRounds "4"]
[EventCountry "CHN"]
[SourceTitle "CB02_2024"]
[SourceDate "2024.01.10"]
[SourceVersion "1"]
[SourceVersionDate "2024.01.10"]
[SourceQuality "1"]

1. d4 Nf6 2. c4 e6 3. g3 d5 4. Bg2 dxc4 5. Nf3 Bb4+ 6. Bd2 a5 7. 0-0 0-0 8. Nc3 Nc6 9. a3 Be7 10. Bg5 Nd5 11. Bxe7 Qxe7 12. Qc2 Rd8 13. Rfd1 Bd7 14. Ne4 b5 15. b3 cxb3 16. Qxb3 a4 17. Qb2 b4 18. Nc5 Rdb8 19. Rdc1 Be8 20. e4 bxa3 21. Qxa3 Nb6 22. Rc2 Rd8 23. Qc3 Na5 24. Rb1 Nb3 25. Nxb3 axb3 26. Rcc1 Ba4 27. Ne5 Rac8 28. Nd3 Qd6 29. Nc5 Qxd4 30. Nxa4 Qxa4 31. Rxb3 h6 32. h4 Nd7 33. g4 Nf8 34. g5 h5 35. Rb4 Rd1+ 36. Rxd1 Qxd1+ 37. Kh2 Qg4 38. Qg3 Qxg3+ 39. Kxg3 c5 40. Rc4 e5 41. Bh3 Rc7 42. Bf5 g6 43. Bh3 Ne6 44. Bxe6 fxe6 45. f4 exf4+ 46. Kxf4 Kf7 47. Ke5 Ke7 48. Rc3 c4 49. Kd4 Rd7+ 50. Ke5 Rc7 51. Kd4 Rd7+ 52. Kxc4 Rc7+ 53. Kd3 Rxc3+ 54. Kxc3 Kd6 55. Kc4 Ke5 56. Kd3 Kf4 57. Kd4 Kg4 58. Ke5 Kxh4 59. Kxe6 Kxg5 60. Kf7 h4 61. e5 h3 62. e6 h2 63. e7 h1Q 64. e8Q Qb7+ 65. Kg8 Qd5+ 66. Kf8 Qd6+ 67. Kf7 Qf6+ 68. Kg8 Qf5 69. Qe3+ Qf4 70. Qc5+ Kg4 71. Kg7 g5 72. Kg6 Qe4+ 73. Kf6 Qf3+ 74. Kg6 Qd3+ 75. Kh6 Qh3+ 76. Kg7 Qf3 77. Kg6 Qe4+ 78. Kh6 Qe6+ 79. Kg7 Kh5 80. Qc2 Qe7+ 81. Kg8 Qe8+ 82. Kg7 Qe7+ 83. Kg8 Qe8+ 84. Kg7 Qe7+ 0-1

[Event "Chengdu Chess King"]
[Site "Chengdu"]
[Date "2024.01.06"]
[Round "1.1"]
[White "Xue, Haowen"]
[Black "Li, Di"]
[Result "1/2-1/2"]
[WhiteElo "2452"]
[BlackElo "2563"]
[PlyCount "80"]
[EventDate "2024.01.06"]
[EventType "k.o. (rapid)"]
[EventRounds "4"]
[EventCountry "CHN"]
[SourceTitle "CB02_2024"]
[SourceDate "2024.01.10"]
[SourceVersion "1"]
[SourceVersionDate "2024.01.10"]
[SourceQuality "1"]

1. Nf3 Nf6 2. g3 d5 3. Bg2 e6 4. 0-0 Be7 5. d4 0-0 6. c4 dxc4 7. Ne5 Nc6 8. Bxc6 bxc6 9. Nxc6 Qe8 10. Nxe7+ Qxe7 11. Qa4 e5 12. dxe5 Qxe5 13. Qxc4 Be6 14. Qd3 Rad8 15. Qe3 Qh5 16. f3 Bh3 17. Re1 Rfe8 18. Qf2 Nd5 19. a3 Qe5 20. e4 f5 21. Nd2 Nf6 22. Rb1 fxe4 23. Nxe4 Nxe4 24. fxe4 Qxe4 25. Bg5 Qd5 26. Bxd8 Rf8 27. Rbd1 Qc6 28. Rc1 Qd5 29. Rcd1 Qc6 30. Rc1 Qd5 31. Red1 Qb7 32. Rxc7 Qb3 33. Qe2 Qb6+ 34. Kh1 Kh8 35. Qe5 Qg6 36. Be7 Qg4 37. Qd5 Qe2 38. Bxf8 Bg2+ 39. Qxg2 Qxd1+ 40. Qg1 Qf3+ 1/2-1/2

[Event "Shenzhen Nanshan"]
[Site "Shenzhen"]
[Date "2023.10.11"]
[Round "1.1"]
[White "Li, Chao B"]
[Black "Li, Di"]
[Result "1/2-1/2"]
[WhiteElo "2652"]
[BlackElo "2568"]
[PlyCount "81"]
[EventDate "2023.10.11"]
[EventType "k.o. (rapid)"]
[EventRounds "3"]
[EventCountry "CHN"]
[SourceTitle "Mega2024 Update 01"]
[Source "Chessbase"]
[SourceDate "2023.11.12"]
[SourceVersion "1"]
[SourceVersionDate "2023.11.12"]
[SourceQuality "1"]

1. e4 e5 2. Nf3 Nc6 3. Bb5 Nf6 4. 0-0 Nxe4 5. d4 Nd6 6. Bxc6 dxc6 7. dxe5 Nf5 8. Qxd8+ Kxd8 9. Nc3 Ke8 10. h3 h5 11. Rd1 Be6 12. Ng5 Rh6 13. Bf4 Be7 14. Nxe6 Rxe6 15. Rd3 Rd8 16. Rad1 Rxd3 17. Rxd3 Nh4 18. Bg3 Nf5 19. Bf4 Nh4 20. Re3 Nf5 21. Re4 h4 22. Kf1 Kd7 23. Re1 c5 24. Nd5 Bd8 25. Ne3 Nxe3+ 26. Rxe3 Ra6 27. Rd3+ Ke8 28. a3 Ra4 29. Bd2 b5 30. Ke2 Be7 31. f4 g6 32. Kf3 b4 33. Re3 Kd7 34. Bc1 Ke6 35. b3 Ra6 36. a4 c4 37. Re4 cxb3 38. cxb3 Rc6 39. Bd2 a5 40. Ke2 Kd5 41. Kd3 1/2-1/2

[Event "Abu Dhabi op 29th"]
[Site "Abu Dhabi"]
[Date "2023.08.23"]
[Round "8"]
[White "Zhao, Yuanhe"]
[Black "Li, Di"]
[Result "1/2-1/2"]
[WhiteElo "2456"]
[BlackElo "2561"]
[PlyCount "23"]
[EventDate "2023.08.16"]
[EventType "swiss"]
[EventRounds "9"]
[EventCountry "UAE"]
[SourceTitle "EXT 2024"]
[Source "ChessBase"]
[SourceDate "2023.10.10"]
[SourceVersion "1"]
[SourceVersionDate "2023.10.10"]
[SourceQuality "1"]

1. Nf3 d5 2. d4 Nf6 3. g3 g6 4. Bg2 Bg7 5. 0-0 0-0 6. c4 c6 7. cxd5 cxd5 8. Ne5 Ng4 9. Nf3 Nf6 10. Ne5 Ng4 11. Nf3 Nf6 12. Ne5 1/2-1/2

[Event "CHN-chT DivA"]
[Site "Fuling"]
[Date "2023.06.05"]
[Round "1.2"]
[White "Bai, Jinshi"]
[Black "Li, Di"]
[Result "1/2-1/2"]
[WhiteElo "2550"]
[BlackElo "2575"]
[PlyCount "85"]
[EventDate "2023.06.05"]
[EventType "team-tourn"]
[EventRounds "11"]
[EventCountry "CHN"]
[SourceTitle "CBM 214 Extra"]
[Source "ChessBase"]
[SourceDate "2023.07.31"]
[SourceVersion "1"]
[SourceVersionDate "2023.07.31"]
[SourceQuality "1"]
[WhiteTeam "Hangzhou Bank"]
[BlackTeam "Chengdu"]
[WhiteTeamCountry "CHN"]
[BlackTeamCountry "CHN"]

1. d4 Nf6 2. c4 e6 3. g3 d5 4. Bg2 Be7 5. Nf3 0-0 6. Nc3 dxc4 7. Ne5 Nc6 8. Bxc6 bxc6 9. Nxc6 Qe8 10. Nxe7+ Qxe7 11. Qa4 c5 12. dxc5 Qxc5 13. Be3 Qc7 14. Rd1 Bb7 15. 0-0 Nd5 16. Bd4 Rfd8 17. f3 h6 18. Bf2 Nxc3 19. bxc3 e5 20. Rxd8+ Rxd8 21. Rb1 e4 22. Qxa7 exf3 23. exf3 Rd7 24. Bd4 Kh7 25. Qb6 Qc8 26. Qc5 Qxc5 27. Bxc5 Bxf3 28. Bd4 Rb7 29. Rxb7 Bxb7 30. a4 g5 31. Kf2 Kg6 32. Ke3 Kf5 33. a5 h5 34. Bb6 h4 35. gxh4 gxh4 36. Kd4 Ke6 37. Kxc4 h3 38. Bc7 Kd7 39. Bf4 Kc6 40. Kd4 Ba6 41. Ke5 Kb5 42. Kf6 Kxa5 43. Kxf7 1/2-1/2

[Event "Shaoxing Hua Yi Rapid Cup 2nd"]
[Site "Shaoxing"]
[Date "2023.05.29"]
[Round "1.1"]
[White "Li, Di"]
[Black "Wan, Yunguo"]
[Result "0-1"]
[WhiteElo "2556"]
[BlackElo "2497"]
[PlyCount "108"]
[EventDate "2023.05.29"]
[EventType "k.o. (rapid)"]
[EventRounds "5"]
[EventCountry "CHN"]
[SourceTitle "CBM 214 Extra"]
[Source "ChessBase"]
[SourceDate "2023.07.31"]
[SourceVersion "1"]
[SourceVersionDate "2023.07.31"]
[SourceQuality "1"]

1. e4 c5 2. Na3 Nc6 3. Bb5 Nf6 4. Bxc6 dxc6 5. d3 g6 6. Nf3 Bg7 7. h3 0-0 8. Nc4 Ne8 9. 0-0 Nd6 10. Qe2 Nxc4 11. dxc4 a5 12. a4 e5 13. Ra3 Qe7 14. Re3 Be6 15. b3 Rfb8 16. Bb2 f6 17. Ne1 b5 18. cxb5 cxb5 19. axb5 a4 20. c4 Bh6 21. Rc3 axb3 22. Nd3 Rd8 23. f4 Ra2 24. Nc1 Bxf4 25. Nxa2 Rd2 26. Qf3 bxa2 27. Ba1 Qd6 28. Kh1 g5 29. Rg1 g4 30. hxg4 Bg5 31. Re1 Kg7 32. Ra3 Bxc4 33. Ra7+ Kg8 34. Qf5 Bf7 35. Ra6 Qd8 36. b6 Rd1 37. Qf1 Rxe1 38. Qxe1 Qd3 39. Ra8+ Kg7 40. Bc3 Qb1 41. Kh2 Qxb6 42. Bd2 Qb7 43. Ra4 Qc6 44. Ra7 Qb6 45. Ra8 Qb7 46. Ra4 Qb1 47. Bc3 Bf4+ 48. Kh3 h5 49. g3 hxg4+ 50. Kxg4 Bg5 51. Kh3 Be6+ 52. g4 Qd3+ 53. Qg3 Qf1+ 54. Qg2 Bxg4+ 0-1

[Event "CHN-ch"]
[Site "Xinghua"]
[Date "2023.05.15"]
[Round "10"]
[White "Lou, Yiping"]
[Black "Li, Di"]
[Result "0-1"]
[WhiteElo "2492"]
[BlackElo "2556"]
[PlyCount "152"]
[EventDate "2023.05.06"]
[EventType "tourn"]
[EventRounds "11"]
[EventCountry "CHN"]
[EventCategory "9"]
[SourceTitle "CBM 215 Extra"]
[Source "ChessBase"]
[SourceDate "2023.09.30"]
[SourceVersion "1"]
[SourceVersionDate "2023.09.30"]
[SourceQuality "1"]

1. e4 c5 2. Nf3 Nc6 3. d4 cxd4 4. Nxd4 Qb6 5. Nb3 g6 6. Nc3 Bg7 7. Nd5 Qd8 8. c3 e6 9. Nf4 Nf6 10. Bd3 0-0 11. 0-0 b6 12. f3 Bb7 13. Be3 Ne5 14. Be2 Qc7 15. Nd2 Rad8 16. Qa4 Bc6 17. Qa6 d5 18. exd5 Nxd5 19. Nxd5 Rxd5 20. Nb3 Nd7 21. Rad1 Rxd1 22. Bxd1 Nf6 23. Qc4 Nd5 24. Bc1 Rc8 25. Qh4 b5 26. a3 a5 27. Bd2 Bd7 28. Qf2 Bf8 29. Kh1 b4 30. axb4 axb4 31. cxb4 Nxb4 32. Nc1 Nd5 33. Ne2 Bg7 34. b3 Ra8 35. Nc1 Bb5 36. Be2 Bxe2 37. Qxe2 Qc2 38. Qd3 Qb2 39. h3 h5 40. Rd1 Ra1 41. Re1 Bf6 42. Rf1 h4 43. Re1 Kg7 44. Kg1 Kg8 45. Kf1 Ra8 46. Ne2 Rd8 47. Bc1 Qa2 48. Qc4 Qa7 49. Nf4 Ne7 50. Be3 Qb8 51. Ne2 Nf5 52. Bf2 Rd2 53. Qf4 Qxf4 54. Nxf4 Rb2 55. Nd3 Rxb3 56. Nc5 Rb2 57. Ne4 Bd4 58. Re2 Rb1+ 59. Re1 Rb4 60. Bxd4 Nxd4 61. Rd1 Kg7 62. Rd2 e5 63. Kf2 Rc4 64. Ra2 f5 65. Nd2 Rc3 66. Ra6 Kh6 67. Ra2 Kg5 68. Nf1 Kf4 69. Rd2 Nb3 70. Rd6 Rc2+ 71. Kg1 Nd4 72. Nh2 Ne2+ 73. Kf2 Ng3+ 74. Kg1 Rc1+ 75. Kf2 e4 76. Rd4 Rc2+ 0-1

[Event "CHN-ch"]
[Site "Xinghua"]
[Date "2023.05.10"]
[Round "5"]
[White "Zhao, Jun"]
[Black "Li, Di"]
[Result "1/2-1/2"]
[WhiteElo "2591"]
[BlackElo "2556"]
[PlyCount "136"]
[EventDate "2023.05.06"]
[EventType "tourn"]
[EventRounds "11"]
[EventCountry "CHN"]
[EventCategory "9"]
[SourceTitle "CBM 215 Extra"]
[Source "ChessBase"]
[SourceDate "2023.09.30"]
[SourceVersion "1"]
[SourceVersionDate "2023.09.30"]
[SourceQuality "1"]

1. e4 e5 2. Nf3 Nf6 3. Nxe5 d6 4. Nd3 Nxe4 5. Nf4 Nf6 6. d4 Nc6 7. c3 Ne7 8. Bd3 g6 9. 0-0 Bg7 10. a4 a5 11. Re1 0-0 12. Na3 Re8 13. Bd2 Bd7 14. Bf1 Bc6 15. Nb5 Qd7 16. Qc2 Nf5 17. f3 Nh4 18. Qd3 g5 19. Ne2 g4 20. fxg4 Ne4 21. Ng3 Bxb5 22. Qxb5 c6 23. Qh5 Nxg3 24. hxg3 Ng6 25. Rxe8+ Qxe8 26. Re1 Qd8 27. Qf5 d5 28. Bd3 Qb6 29. Bc1 Rd8 30. Kh2 Qc7 31. Bg5 Ra8 32. Bf4 Nxf4 33. gxf4 h6 34. g3 Kf8 35. g5 hxg5 36. Qxg5 Qd6 37. Kg2 b6 38. Qf5 Rd8 39. Be2 c5 40. dxc5 bxc5 41. Bb5 c4 42. Re2 Kg8 43. Rd2 Qe7 44. Qg4 Kf8 45. Qf3 Qc5 46. Re2 Kg8 47. Qh5 Qd6 48. Qf3 Qc5 49. Qh5 Qd6 50. Kh2 Kf8 51. Rd2 Qc5 52. Qe2 Bf6 53. Kg2 Rd6 54. Qf2 d4 55. cxd4 Rxd4 56. Re2 Kg7 57. Qf3 Qf5 58. Qb7 Bh4 59. Qf3 Bf6 60. Bc6 Rd3 61. Be4 Rxf3 62. Bxf5 Rb3 63. Bc2 Rxb2 64. g4 c3 65. Kf3 Rb4 66. g5 Bd8 67. Re4 Rxe4 68. Kxe4 f6 1/2-1/2

[Event "CHN-ch"]
[Site "Xinghua"]
[Date "2023.05.09"]
[Round "4"]
[White "Li, Di"]
[Black "Xu, Yi"]
[Result "1-0"]
[WhiteElo "2556"]
[BlackElo "2527"]
[PlyCount "91"]
[EventDate "2023.05.06"]
[EventType "tourn"]
[EventRounds "11"]
[EventCountry "CHN"]
[EventCategory "9"]
[SourceTitle "CBM 215 Extra"]
[Source "ChessBase"]
[SourceDate "2023.09.30"]
[SourceVersion "1"]
[SourceVersionDate "2023.09.30"]
[SourceQuality "1"]

1. g3 Nf6 2. Bg2 d5 3. Nf3 e6 4. 0-0 Be7 5. d4 0-0 6. c4 dxc4 7. Na3 Bxa3 8. bxa3 Bd7 9. a4 Bc6 10. Ba3 Re8 11. Qc2 Nbd7 12. Rac1 a5 13. Qxc4 Nb6 14. Qd3 Be4 15. Qb5 c6 16. Qb3 Bd5 17. Qd3 Nxa4 18. Ne5 Bxg2 19. Kxg2 Qd5+ 20. f3 Qxa2 21. Rf2 Qd5 22. e4 Qd8 23. Rfc2 Nb6 24. Rb1 Nbd7 25. Nc4 Qc7 26. Bd6 Qc8 27. Bf4 Nh5 28. Bc1 Qc7 29. e5 g6 30. Nd6 Reb8 31. Ba3 a4 32. Qd2 Ng7 33. g4 Nb6 34. Rxb6 Qxb6 35. Ne4 f5 36. exf6 Rd8 37. Qh6 Rd7 38. Ng5 Nh5 39. gxh5 Qb3 40. Re2 Qd3 41. Re4 Qd2+ 42. Kg3 Qd1 43. f7+ Rxf7 44. Nxf7 Qg1+ 45. Kf4 Qxh2+ 46. Kg5 1-0

[Event "Sunway Formentera op 2nd"]
[Site "Sant Ferran de ses Roques"]
[Date "2023.04.24"]
[Round "6"]
[White "Panda, Sambit"]
[Black "Li, Di"]
[Result "0-1"]
[WhiteElo "2452"]
[BlackElo "2554"]
[PlyCount "102"]
[EventDate "2023.04.18"]
[EventType "swiss"]
[EventRounds "10"]
[EventCountry "ESP"]
[SourceTitle "CBM 213 Extra"]
[Source "ChessBase"]
[SourceDate "2023.05.31"]
[SourceVersion "1"]
[SourceVersionDate "2023.05.31"]
[SourceQuality "1"]

1. d4 g6 2. c4 Bg7 3. e4 d6 4. Nc3 c5 5. d5 Bxc3+ 6. bxc3 e5 7. Bd3 Nd7 8. Be3 Qe7 9. Qc2 h5 10. Nf3 Nh6 11. h3 f6 12. 0-0-0 Nb6 13. Nh4 Qg7 14. f4 Nf7 15. f5 g5 16. Nf3 Bd7 17. Nd2 h4 18. Rdg1 0-0-0 19. g3 hxg3 20. Rxg3 Rdg8 21. Nf3 Qf8 22. Qg2 Na4 23. h4 gxh4 24. Nxh4 Rxg3 25. Qxg3 Nxc3 26. Kd2 Qd8 27. Kxc3 Qa5+ 28. Kb2 Qb4+ 29. Kc1 Qc3+ 30. Bc2 Ba4 31. Rh2 Ng5 32. Kb1 Qb4+ 33. Ka1 Bxc2 34. Rxc2 Nxe4 35. Qg4 Qe1+ 36. Bc1 Qxh4 37. Qg7 Qh7 38. Qg4 Qh1 39. Qg7 Rd8 40. Kb1 Qd1 41. a4 Qd3 42. Kb2 Rd7 43. Qg8+ Kc7 44. a5 Nf2 45. Bd2 a6 46. Qg6 Ne4 47. Bc1 b5 48. axb6+ Kxb6 49. Qg2 Rb7 50. Ka1 Ka7 51. Bb2 Rb4 0-1

[Event "La Roda op 49th"]
[Site "La Roda"]
[Date "2023.04.08"]
[Round "6"]
[White "Hurtado, Felipe"]
[Black "Li, Di"]
[Result "0-1"]
[WhiteElo "2129"]
[BlackElo "2554"]
[PlyCount "74"]
[EventDate "2023.04.05"]
[EventType "swiss"]
[EventRounds "9"]
[EventCountry "ESP"]
[SourceTitle "CBM 213 Extra"]
[Source "ChessBase"]
[SourceDate "2023.05.31"]
[SourceVersion "1"]
[SourceVersionDate "2023.05.31"]
[SourceQuality "1"]

1. e4 c5 2. Nc3 Nc6 3. f4 g6 4. Nf3 Bg7 5. a4 d6 6. Bb5 Nf6 7. 0-0 0-0 8. Bxc6 bxc6 9. d3 Ne8 10. Qe1 Nc7 11. f5 gxf5 12. Qh4 e5 13. Qxd8 Rxd8 14. exf5 Rb8 15. Ng5 f6 16. Nge4 d5 17. Ng3 Kf7 18. Nh5 Bf8 19. g4 Rb4 20. h3 c4 21. Ne2 cxd3 22. cxd3 Rb3 23. d4 exd4 24. Bf4 Re8 25. Rac1 c5 26. Nxd4 Rxb2 27. Bxc7 cxd4 28. Rfd1 Ree2 29. Be5 fxe5 30. Rxc8 Bh6 31. Rc7+ Kf8 32. Rc8+ Ke7 33. Ra1 Rg2+ 34. Kf1 Rbf2+ 35. Ke1 Bd2+ 36. Kd1 Rf1+ 37. Kc2 Bc3+ 0-1

[Event "La Roda op 49th"]
[Site "La Roda"]
[Date "2023.04.07"]
[Round "5"]
[White "Li, Di"]
[Black "Shyam, Nikil P"]
[Result "0-1"]
[WhiteElo "2554"]
[BlackElo "2476"]
[PlyCount "94"]
[EventDate "2023.04.05"]
[EventType "swiss"]
[EventRounds "9"]
[EventCountry "ESP"]
[SourceTitle "CBM 213 Extra"]
[Source "ChessBase"]
[SourceDate "2023.05.31"]
[SourceVersion "1"]
[SourceVersionDate "2023.05.31"]
[SourceQuality "1"]

1. d4 Nf6 2. Nf3 e6 3. g3 b5 4. Bg2 Bb7 5. 0-0 c5 6. a4 b4 7. c4 cxd4 8. Nxd4 Bxg2 9. Kxg2 d5 10. Nf3 Be7 11. cxd5 Qxd5 12. Bg5 Nc6 13. Qxd5 Nxd5 14. Bxe7 Kxe7 15. Nbd2 Na5 16. Rfc1 Rhc8 17. Ne5 b3 18. Nd3 Rc2 19. Rxc2 bxc2 20. Rc1 Rc8 21. Kf1 Nb6 22. b4 Nac4 23. Ke1 Na3 24. Ra1 f5 25. Nc1 Rc3 26. Ndb3 Nb1 27. a5 Nc4 28. Ra4 Nca3 29. a6 Rc4 30. f4 Nb5 31. Ra2 N5a3 32. Nd3 Kd6 33. Kf2 Kd5 34. Nbc1 Kd4 35. Ne5 Rc7 36. Rb2 Nb5 37. Nf3+ Kd5 38. Ra2 N1c3 39. Ra1 Rc4 40. Nd3 Nb1 41. Nfe5 c1Q 42. Nxc1 Rxc1 43. Nd3 Rd1 44. Nb2 Rd2 45. Rxb1 Nc3 46. b5 Nxb1 47. Nd3 Kc4 0-1